| 000 | 00340nam a2200133Ia 4500 | ||
|---|---|---|---|
| 008 | 210210b1991 xxu||||| |||| 00| 0 eng d | ||
| 082 | _a338.954 DHIE | ||
| 100 | _aDHINGRA (I C). | ||
| 245 | _aEvolution of the Indian economy. | ||
| 260 |
_aND _bSultan Chand & Sons _c1991 |
||
| 300 | _ax,324 | ||
| 690 | _aIndian Economics | ||
| 906 | _a046346 | ||
| 999 |
_c95466 _d95466 |
||